000 00693nam a2200241Ia 4500
003 OSt
005 20220923211626.0
006 a|||||r|||| 00| 0
007 ta
008 220922b |||||||| |||| 00| 0 hin d
024 _a25,928
037 _cTextual
040 _aARTS
_cARTS
_bhin
041 _2hin
_ahin
082 _aQ25:23, 152M6
100 _aशुक्ल, रमादत्त, मक
245 0 _aशक्ति-संगम-तन्त्र
246 _aShakti-sangama-tantra
260 _c1986
300 _a24,160p.] illus
_ccm.
942 _hQ25:23, 152M6
_cTEXL
_2CC
999 _c301635
_d301635